Reservoir Engineering : (Record no. 6286)
[ view plain ]
| 000 -LEADER | |
|---|---|
| fixed length control field | 01174nam a22003255a 4500 |
| 008 - FIXED-LENGTH DATA ELEMENTS--GENERAL INFORMATION | |
| fixed length control field | 120207t2006 maua frbf|| 001 0 eng d |
| 010 ## - LIBRARY OF CONGRESS CONTROL NUMBER | |
| LC control number | 2006279890 |
| 020 ## - INTERNATIONAL STANDARD BOOK NUMBER | |
| International Standard Book Number | 0750679727 (alk. paper) |
| 020 ## - INTERNATIONAL STANDARD BOOK NUMBER | |
| International Standard Book Number | 9780750679725 (alk. paper) |
| 035 ## - SYSTEM CONTROL NUMBER | |
| System control number | (OCoLC)ocm65203448 |
| 040 ## - CATALOGING SOURCE | |
| Original cataloging agency | EG-ScBUE |
| Language of cataloging | eng |
| Transcribing agency | EG-ScBUE |
| 082 04 - DEWEY DECIMAL CLASSIFICATION NUMBER | |
| Classification number | 622.3382 |
| Item number | AHM |
| Edition number | 22 |
| 100 1# - MAIN ENTRY--PERSONAL NAME | |
| Personal name | Ahmed, Tarek H., |
| 9 (RLIN) | 28676 |
| 245 10 - TITLE STATEMENT | |
| Title | Reservoir Engineering : |
| Remainder of title | Handbook / |
| Statement of responsibility, etc | Tarek Ahmed. |
| 250 ## - EDITION STATEMENT | |
| Edition statement | 3rd ed. |
| 260 ## - PUBLICATION, DISTRIBUTION, ETC. (IMPRINT) | |
| Place of publication, distribution, etc | Burlington : |
| Name of publisher, distributor, etc | Elsevier/Gulf Professional, |
| Date of publication, distribution, etc | c. 2006. |
| 300 ## - PHYSICAL DESCRIPTION | |
| Extent | xv, 1360 p. : |
| Other physical details | ill. ; |
| Dimensions | 24 cm. |
| 500 ## - GENERAL NOTE | |
| General note | Appendix : p. 1338-11349. |
| 500 ## - GENERAL NOTE | |
| General note | Index : p. 1351-1359. |
| 504 ## - BIBLIOGRAPHY, ETC. NOTE | |
| Bibliography, etc | Bibliography : p.1335-1337. |
| 590 ## - LOCAL NOTE (RLIN) | |
| Local note | Menna Elemam |
| 650 #0 - SUBJECT ADDED ENTRY--TOPICAL TERM | |
| Topical term or geographic name as entry element | Oil reservoir engineering. |
| 9 (RLIN) | 28677 |
| Source of heading or term | BUEsh |
| 650 #0 - SUBJECT ADDED ENTRY--TOPICAL TERM | |
| Topical term or geographic name as entry element | Oil fields. |
| 9 (RLIN) | 28678 |
| Source of heading or term | BUEsh |
| 650 #0 - SUBJECT ADDED ENTRY--TOPICAL TERM | |
| Topical term or geographic name as entry element | Gas reservoirs. |
| 9 (RLIN) | 28679 |
| Source of heading or term | BUEsh |
| 651 ## - SUBJECT ADDED ENTRY--GEOGRAPHIC NAME | |
| Source of heading or term | BUEsh |
| 653 ## - INDEX TERM--UNCONTROLLED | |
| Resource For college | Engineering, Petroleum |
| Arrived date list | August2015 |
| 856 41 - ELECTRONIC LOCATION AND ACCESS | |
| Materials specified | Table of contents only |
| Uniform Resource Identifier | <a href="http://www.loc.gov/catdir/toc/fy0701/2006279890.html">http://www.loc.gov/catdir/toc/fy0701/2006279890.html</a> |
| 856 41 - ELECTRONIC LOCATION AND ACCESS | |
| Materials specified | Publisher description |
| Uniform Resource Identifier | <a href="http://www.loc.gov/catdir/enhancements/fy0665/2006279890-d.html">http://www.loc.gov/catdir/enhancements/fy0665/2006279890-d.html</a> |
| 942 ## - ADDED ENTRY ELEMENTS (KOHA) | |
| Item type | NB - Book (Non borrowing) |
| Call number prefix | 622.3382 AHM |
| Source of classification or shelving scheme | Dewey Decimal Classification |
| Withdrawn status | Item status | Source of classification or shelving scheme | Damaged status | Not for loan | Vendor | Home library | Current library | Shelving location | Date acquired | Source of acquisition | Cost, normal purchase price | Total Checkouts | Full call number | Barcode | Date last seen | Date last borrowed | Cost, replacement price | Koha item type | Total Renewals | Checked out |
|---|---|---|---|---|---|---|---|---|---|---|---|---|---|---|---|---|---|---|---|---|
| Dewey Decimal Classification | Central Library | Central Library | First floor | 19/11/2007 | 550.00 | 18 | 622.3382 AHM | 000007834 | 15/07/2025 | 10/12/2013 | 687.50 | NB - Book (Non borrowing) | ||||||||
| Dewey Decimal Classification | Baccah | Central Library | Central Library | First floor | 23/03/2009 | 550.00 | 30 | 622.3382 AHM | 000015643 | 15/07/2025 | 05/02/2019 | 687.50 | Book - Borrowing | 126 | ||||||
| Dewey Decimal Classification | Baccah | Central Library | Central Library | First floor | 23/03/2009 | 550.00 | 25 | 622.3382 AHM | 000015642 | 15/07/2025 | 08/05/2024 | 687.50 | Book - Borrowing | 126 | ||||||
| Dewey Decimal Classification | Baccah | Central Library | Central Library | First floor | 23/03/2009 | 550.00 | 16 | 622.3382 AHM | 000015644 | 03/09/2014 | 03/09/2014 | 687.50 | Book - Borrowing | 105 | 05/10/2014 |